000 00444nam a2200193Ia 4500
008 210210b2017 xxu||||| |||| 00| 0 eng d
020 _a9781785281945
041 _aeng
082 _a005.7 MILB
100 _aMILLER (James D)
245 _aBig data visualization
260 _aMumbai
_bPackts
_c2017
300 _av,289
650 _avisualization
650 _adata
650 _aBig
690 _aComputer Science
906 _a072712
999 _c122541
_d122541